Vida y obras de Don Diego Velazquez / (Record no. 162070)

MARC details
000 -LEADER
campo de control de longitud fija 00713nam a22001935i 4500
001 - NÚMERO DE CONTROL
campo de control 162070
003 - IDENTIFICADOR DE NÚMERO DE CONTROL
campo de control ES-MaACL
005 - FECHA Y HORA DE LA ÚLTIMA TRANSACCIÓN
campo de control 20240513170258.0
008 - DATOS DE LONGITUD FIJA--INFORMACIÓN GENERAL
campo de control de longitud fija 990316s1899 sp af |||| | spa d
040 ## - FUENTE DE CATALOGACIÓN
Centro catalogador/agencia de origen CCPB | B
Lengua de catalogación spa
Centro/agencia transcriptor CCPB | B
100 1# - ENTRADA PRINCIPAL--NOMBRE DE PERSONA
Nombre de persona Picón, Jacinto Octavio,
Fechas asociadas al nombre 1852-1923
9 (RLIN) 91875
245 10 - MENCIÓN DEL TÍTULO
Título Vida y obras de Don Diego Velazquez /
Mención de responsabilidad, etc. por Jacinto Octavio Picon.
260 ## - PUBLICACIÓN, DISTRIBUCIÓN, ETC.
Lugar de publicación, distribución, etc. Madrid :
Nombre del editor, distribuidor, etc. Librería de Fernando Fé,
Fecha de publicación, distribución, etc. 1899 (
Fabricante Est. tip. de Ricardo Fé)
300 ## - DESCRIPCIÓN FÍSICA
Extensión VII, 215 p., [16] h. de lám. ;
Dimensiones 22 cm.
600 #0 - PUNTO DE ACCESO ADICIONAL DE MATERIA--NOMBRE DE PERSONA
Nombre de persona Velázquez, Diego,
Fechas asociadas al nombre 1599-1660-
Subdivisión de forma Biografías
9 (RLIN) 223594
752 ## - ENTRADA AGREGADA--NOMBRE JERÁRQUICO DEL LUGAR
País o entidad superior España -
Ciudad Madrid
852 ## - LOCALIZACIÓN
Ubicación ES-MaACL
Número de control de estantería B-2560
Nota libre -- Enc. pasta española
Holdings
Estatus retirado Estado de pérdida Estado de daño No para préstamo Colección Biblioteca de origen Biblioteca actual Ubicación en estantería Fecha de adquisición Fuente de adquisición Total de préstamos Signatura topográfica completa Código de barras Visto por última vez Precio de reemplazo Tipo de ítem Koha
        Libros del s. XIX Biblioteca del Ateneo de Madrid Biblioteca del Ateneo de Madrid Sala Pardo Bazán 17/01/2008     B-2560 1169779 23/02/2023 23/02/2023 Libro impreso antiguo